India: (Record no. 519235)

000 -LEADER
fixed length control field 00292nam a22001097a 4500
082 ## - DEWEY DECIMAL CLASSIFICATION NUMBER
Classification number PKP A7x54 K529
100 ## - MAIN ENTRY--PERSONAL NAME
Personal name Khullar, D.R
9 (RLIN) 29923
245 ## - TITLE STATEMENT
Title India:
Remainder of title A comprehensive geography
Statement of responsibility, etc by D.R. Khullar
260 ## - PUBLICATION, DISTRIBUTION, ETC. (IMPRINT)
Place of publication, distribution, etc New Delhi
Name of publisher, distributor, etc Kalyani
Date of publication, distribution, etc 2005
300 ## - PHYSICAL DESCRIPTION
Extent v.p.
650 ## - SUBJECT ADDED ENTRY--TOPICAL TERM
Topical term or geographic name as entry element Geography
9 (RLIN) 29924
Holdings
Withdrawn status Lost status Source of classification or shelving scheme Damaged status Koha normalized classification for sorting Not for loan Permanent location Current location Date acquired Full call number Barcode Date last seen Price effective from Koha item type
        PKP_A7X54_K529   Indian Institute of Public Administration Indian Institute of Public Administration 2022-02-16 PKP A7x54 K529 88703 2022-02-16 2022-02-16 Book
        PKP_A7X54_K529C_2_000000000000000   Indian Institute of Public Administration Indian Institute of Public Administration 2022-02-16 PKP A7x54 K529\c.2 88704 2022-02-16 2022-02-16 Book

Powered by Koha